[Event "3rd Yerevan Open-A 2021"]
[Site "Yerevan"]
[Date "2021.10.19"]
[Round "6.6"]
[White "Mikaelyan, Arman"]
[Black "Pour Agha Bala, Amirreza"]
[Result "1/2-1/2"]
[WhiteElo "2487"]
[BlackElo "2432"]
[Annotator "TA"]
[PlyCount "121"]
[EventDate "2021.10.14"]
[EventType "swiss"]
[EventCountry "ARM"]
[SourceTitle "playchess.com"]
[Source "ChessBase"]
[SourceQuality "1"]

{[%evp 11,121,35,52,23,32,0,31,0,0,0,0,-16,-12,-32,-30,-64,-58,-59,-40,-58,-58,-67,0,0,0,0,0,0,0,0,26,7,7,9,23,22,23,5,54,0,71,71,68,48,43,0,0,0,0,0,0,0,0,0,0,-11,0,0,0,0,0,0,0,-2,0,0,0,-4,-5,-31,-8,-46,-33,-38,0,0,0,0,0,0,0,0,0,0,0,0,0,0,0,0,0,0,0,0,0,0,0,0,0,0,0,0,0,0,0,0,0,0,0,0,0,0]} 1. c4 Nf6 2. Nc3 g6 3. e4 d6 4. d4 Bg7 5. h3 O-O 6. Be3 Nbd7 7. g4 {E71: King's Indian: 4 e4 d6 5 h3.} a6 {[#]} 8. a4 $146 ({Predecessor:} 8. Bg2 e5 9. Nge2 b5 10. cxb5 axb5 11. Nxb5 Ba6 12. Nbc3 Rb8 13. b3 h5 14. d5 Nc5 {0-1 (47) Sivuk,V (2550)-Bernadskiy,V (2619) Kremenchuk 2020}) 8... c5 9. Nge2 {White is slightly better.} cxd4 10. Nxd4 Qa5 11. Bg2 Ne5 $1 12. Qe2 Qb4 13. g5 Nh5 14. O-O {Black should prevent Nd5.} Be6 (14... Nxc4 15. Nd5 $16) 15. Nd5 (15. Nxe6 fxe6 16. a5 Qxc4 $17) 15... Bxd5 16. cxd5 Rac8 (16... Nc4 $1 $15 17. Nf5 Nxe3 18. fxe3 (18. Nxe7+ Kh8 $19) 18... Be5) 17. b3 $11 Nd7 18. Rfd1 Bxd4 19. Rxd4 Qxb3 20. Qe1 $36 {[%mdl 2048] Black is under pressure.} Rc4 21. Qb1 (21. Rb1 {looks sharper.} Qxa4 22. Rxc4 Qxc4 23. Rxb7 Qc8 24. Ra7) 21... Qxb1+ 22. Rxb1 Rc7 23. Rdb4 Rb8 24. Bf1 Nc5 25. h4 (25. a5 $14) 25... Ng7 (25... a5 $11 {remains equal.} 26. Rc4 b6) 26. Bxc5 $16 dxc5 27. Rb6 (27. R4b3 $5 {[%cal Rf1a6]}) 27... c4 28. Rc6 Rbc8 29. Rxb7 Rxc6 30. dxc6 $11 {[%mdl 4096] Endgame KRB-KRN} c3 31. c7 ({Wrong is} 31. Bxa6 $2 c2 $19) (31. Rb3 {looks sharper.} Rxc6 32. Rb8+ Ne8 33. Rxe8+ Kg7 34. Bd3) 31... Ne8 $1 32. Rb8 Rxc7 {[#] Strongly threatening ...c2.} 33. Rxe8+ {KRB-KR} Kg7 {White must now prevent ...c2.} 34. Bd3 ({Not} 34. Bxa6 $2 c2 $19) 34... Rd7 35. Bc2 ({Much weaker is} 35. Bxa6 Rd1+ 36. Kg2 c2 $17) 35... Rd2 36. Rxe7 Rxc2 {KR-KR} 37. Kg2 $1 Ra2 38. Kf3 Rxa4 (38... c2 $5 39. Rc7 $8 h5 $11) 39. Rc7 Ra3 40. Kf4 Rb3 41. Ke5 a5 42. Kd4 $1 Kf8 43. f4 {The position is equal.} Ke8 44. Rc5 Ra3 (44... Ke7 {with more complications.} 45. Rxa5 c2 46. Re5+ Kd7 47. Rd5+ Ke7) 45. Rxc3 Rxc3 46. Kxc3 {KP-KP} Kd7 47. Kc4 Kc6 48. f5 {[#] And now f6 would win.} Kd6 49. f6 {Kb5 is the strong threat.} Ke5 50. Kb5 Kxe4 51. Kxa5 {K3P-K3P} Kf4 52. Kb6 Kg4 53. Kc7 Kxh4 54. Kd6 (54. Kd7 {is interesting.} Kxg5 55. Ke7 h5 56. Kxf7 h4 57. Ke7) 54... Kxg5 {KP-KP} 55. Ke7 h5 56. Kxf7 h4 57. Ke6 {Threatens to win with f7.} h3 $1 {[%cal Rh3h2] Hoping for ...h2.} 58. f7 h2 59. f8=Q {Qf3 would kill now.} h1=Q 60. Qf6+ Kg4 61. Qxg6+ {Weighted Error Value: White=0.08/Black=0.09} 1/2-1/2

[Event "3rd Yerevan Open-A 2021"]
[Site "Yerevan"]
[Date "2021.10.19"]
[Round "6.7"]
[White "Shahinyan, David"]
[Black "Morchiashvili, Bachana"]
[Result "1-0"]
[WhiteElo "2469"]
[BlackElo "2319"]
[Annotator "TA"]
[PlyCount "75"]
[EventDate "2021.10.14"]
[EventType "swiss"]
[EventCountry "ARM"]
[SourceTitle "playchess.com"]
[Source "ChessBase"]
[SourceQuality "1"]

{[%evp 15,75,-13,35,-30,-28,-23,-22,-35,-10,-17,-25,-19,27,13,22,8,12,8,6,10,57,41,46,34,59,33,72,75,105,110,116,116,114,113,113,119,164,164,320,297,280,270,318,274,368,368,339,350,371,357,352,341,689,722,684,705,649,645,968,975,966,891]} 1. e4 c5 2. Nc3 e6 3. f4 Nc6 4. Nf3 a6 5. g3 d5 6. d3 Nf6 7. Bg2 Be7 8. O-O O-O 9. h3 {B23: Closed Sicilian: Lines without g3.} (9. Ne5 $14) 9... b5 $11 10. e5 Nd7 11. g4 {The position is equal.} f6 12. exf6 Nxf6 {[#]} 13. Ne5 $146 ({Predecessor:} 13. g5 Nh5 14. Ne5 Nxe5 15. Qxh5 g6 16. Qd1 Nc6 17. Ne2 Bd6 18. Be3 Ra7 19. c3 Raf7 20. Qd2 Qc7 21. d4 c4 22. Rf2 Ne7 23. Qc2 Bd7 {½-½ (23) Jovanovic,Z (2589)-Rezan,S (2429) Sibenik 2011}) 13... Nxe5 14. fxe5 Ne8 15. Rxf8+ Bxf8 16. Be3 $36 {[%mdl 2048] White fights for an advantage.} Ra7 {...d4 is the strong threat.} 17. d4 cxd4 18. Qxd4 Rf7 19. a4 b4 {[#]} 20. Ne4 Be7 (20... Rc7 21. Qd3) 21. Nc5 {Black is now going downhill.} Bg5 {[#]} 22. Rf1 $1 Bxe3+ 23. Qxe3 Qb6 24. Rxf7 Kxf7 25. Kf2 Nc7 {[#]} 26. Bf1 $1 Ke7 $2 (26... Na8 27. Bd3 g6) 27. Bd3 h6 28. Nb3 Qxe3+ 29. Kxe3 $18 {[%mdl 4096] Endgame KBN-KBN} Bd7 30. Nc5 a5 31. Kd4 Na8 32. b3 Bc8 33. Ba6 Bxa6 (33... Bd7 34. Nxd7 Kxd7) 34. Nxa6 {White is clearly winning.} Nb6 35. Nb8 Kd8 36. Kc5 Kc7 {intending ...Nxa4+!} 37. Na6+ Kb7 38. Kb5 {Weighted Error Value: White=0.08/Black=0.40} 1-0

[Event "3rd Yerevan Open-A 2021"]
[Site "Yerevan"]
[Date "2021.10.19"]
[Round "6.8"]
[White "Gharibyan, Mamikon"]
[Black "Pantsulaia, Levan"]
[Result "1/2-1/2"]
[WhiteElo "2471"]
[BlackElo "2570"]
[Annotator "TA"]
[PlyCount "115"]
[EventDate "2021.10.14"]
[EventType "swiss"]
[EventCountry "ARM"]
[SourceTitle "playchess.com"]
[Source "ChessBase"]
[SourceQuality "1"]

{[%evp 11,115,40,75,45,82,67,76,66,69,83,68,68,96,79,65,47,56,49,58,40,45,-38,-31,-46,0,0,0,-14,-4,-21,-15,-8,-6,-6,0,0,0,-65,-22,-64,-64,-64,-65,-85,-85,-85,-81,-118,-112,-117,-119,-122,-112,-141,-127,-135,-133,-144,-103,-177,-172,-144,-10,-10,-14,-126,-125,-607,-335,-321,-324,-289,-320,-288,-254,-350,-298,-286,-294,-244,0,0,0,0,0,0,0,0,0,0,0,0,0,0,0,0,0,0,0,0,0,0,0,0,0,0]} 1. d4 c5 2. d5 g6 3. e4 Bg7 4. c4 d6 5. Bd3 e6 6. Nc3 Ne7 7. h4 {A43: Schmid Benoni.} h6 {[#]} 8. h5 $146 ({Predecessor:} 8. Be3 exd5 9. cxd5 a6 10. a4 Nd7 11. Nf3 Nf6 12. Nd2 Ng4 {½-½ (12) Volkov,S (2612)-Kokarev,D (2608) Serpukhov 2018}) 8... g5 9. f4 {White is better.} gxf4 10. Bxf4 Bxc3+ 11. bxc3 e5 12. Be3 Ng8 13. Ne2 Nd7 {[%cal Bb8d7,Bd7f6,Bf6h7,Bh7g5][%mdl 32]} 14. Ng3 Ndf6 15. Be2 Rh7 16. Bf3 ({Better is} 16. O-O $14) 16... Rg7 $15 17. Nf1 Nh7 18. Bf2 Qa5 19. Qb3 Bd7 20. Ne3 O-O-O 21. Kd2 Ng5 22. Bh4 Nf6 23. Rab1 $1 {[%csl Gb1][%cal Rb3b7]} b6 24. Qc2 (24. Kd3 $11) 24... Rdg8 25. Rbf1 Nxf3+ 26. Rxf3 Nxh5 27. Rf2 Nf4 $36 {[%cal Rf4g2][%mdl 2048] White is under strong pressure.} 28. g3 Nh5 29. Rhh2 Nxg3 30. Bxg3 Rxg3 31. Rxh6 Kc7 $1 (31... Ba4 32. Qb2 $15) 32. Rhf6 Be8 $1 33. Nf5 Rg2 $1 {[%cal Rg2f2]} 34. Kd3 Rg1 35. Nxd6 (35. Qb2 $17) 35... R8g3+ $19 36. Kd2 {[#]} Ra1 $1 37. Nxe8+ $11 Kb8 $1 38. a4 ({But not} 38. Rxf7 $2 Rxa2 39. R2f3 Rg2+ 40. Rf2 Rxc2+ 41. Kxc2 Qa2+ 42. Kd3 Qb1+ 43. Kd2 Rg1 $19) (38. Rd6 $1 $11 {was the only way to keep the balance.} b5 39. cxb5 Rxa2 40. Rd8+ Qxd8 41. Qxa2 Qg5+ 42. Kc2) 38... Rxa4 $17 {...Ra2! is the strong threat.} 39. R6f3 $2 {[%mdl 8192]} ({Don't blunder} 39. Rxf7 $2 Ra2 $19) (39. Rd6 $17 b5 40. Qb3 Ra2+ 41. Ke1 Rg1+ 42. Rf1 Ra1+ 43. Ke2 Qa2+ 44. Qxa2 Rxa2+ 45. Ke1 Ra1+ 46. Ke2 Rgxf1 47. Rc6) 39... Rxf3 40. Rxf3 {Black must now prevent Qb3.} Ra2 41. Nd6 Rxc2+ 42. Kxc2 $19 {[%mdl 4096] Endgame [#] KQ-KRN} Qa2+ $1 43. Kd1 Kc7 44. Nb5+ Kd8 45. Rxf7 {[#]} a5 $2 ({And not} 45... Qxc4 46. Rf8+ Kd7 47. Rf7+ Kd8 48. Rf8+ Ke7 49. Rf7+ Kd8 $11) (45... Qg2 $1 $19 46. Rf6 Qg4+ 47. Kc2 Qxe4+ {[%mdl 64] Double Attack} 48. Kc1 Qd3) 46. Nd6 $11 {The position is equal.} a4 47. Nb7+ Kc8 {With the idea ...Kb8.} 48. Nd6+ Kd8 49. Nb7+ Kc8 {Threatening ...Kb8.} 50. Nd6+ Kb8 51. Rb7+ {[%mdl 64] Double Attack} Ka8 52. Rc7 Qb1+ (52... a3 {seems wilder.} 53. Rc8+ Ka7 54. Nb5+ Ka6 55. Ra8+ Kb7) 53. Kd2 Qb2+ 54. Kd3 a3 55. Rc8+ Ka7 56. Rc7+ Kb8 57. Rc8+ Ka7 58. Rc7+ {White happily takes the draw.  Weighted Error Value: White=0.30/Black=0.17} 1/2-1/2

[Event "3rd Yerevan Open-A 2021"]
[Site "Yerevan"]
[Date "2021.10.19"]
[Round "6.9"]
[White "Golubka, Petro"]
[Black "Goganov, Aleksey"]
[Result "1/2-1/2"]
[WhiteElo "2438"]
[BlackElo "2557"]
[Annotator "TA"]
[PlyCount "81"]
[EventDate "2021.10.14"]
[EventType "swiss"]
[EventCountry "ARM"]
[SourceTitle "playchess.com"]
[Source "ChessBase"]
[SourceQuality "1"]

{[%evp 14,81,0,0,0,-3,17,3,26,0,0,0,-8,0,2,-13,-16,-11,0,4,9,7,7,4,0,-1,0,0,0,-25,-25,-29,-24,-45,-44,-40,-25,-31,-10,-26,0,0,10,13,13,6,6,6,10,10,10,10,10,10,16,0,0,0,0,0,0,0,0,0,0,0,0,0,0,0]} 1. d4 Nf6 2. Nf3 g6 3. Bg5 Bg7 4. Nbd2 d6 5. c3 Nbd7 6. e3 O-O 7. Be2 e5 8. O-O h6 {A48: 1 d4 Nf6 2 Nf3 g6: Torre, London and Colle Systems.} 9. Bh4 Qe8 10. Ne1 {[#]} Nb6 $146 ({Predecessor:} 10... Kh8 11. Nc2 Nd5 12. Bf3 Ne7 13. e4 f5 14. Bxe7 Qxe7 15. dxe5 Nxe5 16. exf5 Nxf3+ 17. Nxf3 Bxf5 {0-1 (74) Tibensky,R (2442)-Maiwald,J (2514) Austria 2005}) 11. a4 a5 12. Bb5 c6 13. Be2 exd4 14. cxd4 Bf5 15. Bd3 Bxd3 16. Nxd3 Ne4 17. Nxe4 Qxe4 18. Bg3 Rfd8 19. Qb3 Nd5 20. Rfd1 Rd7 21. Nf4 (21. Re1 {is more complex.} h5 22. Rad1 Re8 23. f3 Qe6 24. Bf2) 21... Nxf4 22. Bxf4 d5 23. Qd3 Qxd3 24. Rxd3 h5 25. h3 Bf8 26. g4 hxg4 27. hxg4 {The position is equal.} Bd6 28. Bxd6 Rxd6 $11 {[%mdl 4096] Endgame KRR-KRR} 29. Rb3 Rd7 30. Kg2 Kf8 31. Rh1 {[#] aiming for Rh8+.} Ke7 32. Kg3 Kd6 33. Kf4 Re8 34. f3 Kc7 35. g5 Rde7 36. Rc3 Rd8 37. b3 Rde8 38. Rd3 Kd6 39. Rc3 Kc7 40. Rd3 Kd6 41. Rc3 {Weighted Error Value: White=0.04/Black=0.04} 1/2-1/2

[Event "3rd Yerevan Open-A 2021"]
[Site "Yerevan"]
[Date "2021.10.19"]
[Round "6.10"]
[White "Harsha Bharathakoti"]
[Black "Shyaamnikhil P"]
[Result "1/2-1/2"]
[WhiteElo "2517"]
[BlackElo "2453"]
[Annotator "TA"]
[PlyCount "133"]
[EventDate "2021.10.14"]
[EventType "swiss"]
[EventCountry "ARM"]
[SourceTitle "playchess.com"]
[Source "ChessBase"]
[SourceQuality "1"]

{[%evp 12,133,33,19,32,18,36,17,22,7,20,17,14,5,9,7,13,10,29,43,37,15,23,20,25,23,42,45,43,50,48,59,56,39,48,0,30,0,23,29,36,30,41,37,35,43,32,33,37,43,38,46,110,27,26,26,34,25,27,0,63,4,4,0,0,0,0,0,3,-1,-5,-30,28,4,16,16,38,33,73,62,89,65,87,0,7,7,53,0,0,0,0,0,0,0,0,0,0,0,0,0,0,0,4,7,97,0,0,0,0,0,0,0,0,0,0,0,0,0,0,0,0,0,0,0]} 1. d4 d5 2. c4 dxc4 3. e3 Nf6 4. Bxc4 e6 5. Nf3 a6 6. O-O c5 7. Nbd2 {7.b3 is the recent fashion.} Nc6 {[%cal Rc5d4] D27: Queen's Gambit Accepted: Classical main line: 7 e4!? and 7 a4.} 8. dxc5 Bxc5 9. a3 b5 10. Be2 Bb7 11. b4 Be7 12. Bb2 O-O 13. Rc1 Rc8 14. Nb3 Qxd1 15. Rfxd1 Rfd8 16. Nc5 Bxc5 17. Rxc5 {[#]} Ne4 $146 ({Predecessor:} 17... Rxd1+ 18. Bxd1 Ne4 19. Rc1 Ne7 20. Rxc8+ Nxc8 21. Ne5 Ned6 22. f3 Nb6 23. e4 Ndc4 24. Nxc4 Nxc4 {½-½ (36) Zakharchenko,A (2209)-Boldysh,M (1815) Zaporozhye 2010}) 18. Rcc1 f6 19. Ne1 Rxd1 20. Rxd1 Rd8 21. Nd3 e5 22. Rc1 Ba8 23. h4 Kf7 24. Rc2 Ke7 25. Kh2 Nd6 26. Nc5 Nb8 27. f4 exf4 28. exf4 Nc4 29. Bd3 Bd5 30. h5 h6 31. Re2+ Kd6 (31... Kf8 $14) 32. Bf5 (32. Bd4 $16) 32... Nxb2 $11 33. Rxb2 Re8 $1 34. Rd2 Kc6 $1 35. Rd3 Re2 (35... a5 $11) 36. Rg3 (36. Bc8 $14 Bc4 37. Rd4) 36... Re7 37. Nb3 Kb6 38. Nc5 Kc6 (38... a5 {with more complications.} 39. Rd3 Bc4 40. Rd6+ Kc7 41. Rd4 Nc6) 39. Rc3 {With the idea Nxa6+.} Kb6 40. Kh3 a5 41. Rd3 Kc6 (41... Bc4 $142 42. Rd6+ Kc7) 42. g3 axb4 43. axb4 Re2 44. Rd4 Re3 45. Bd3 Bf7 46. Kg4 Kb6 47. Rd8 (47. Bg6 $16 Bc4 48. Be4) 47... Nc6 48. Rd6 {Hoping for Be4.} Be8 49. Be4 ({Better is} 49. Kh4 $14) 49... Kc7 50. Re6 Bd7 51. Nxd7 Kxd7 52. Rxc6 Rxe4 {[%mdl 4096] Endgame KR-KR} 53. Ra6 Rxb4 {aiming for ...Ra4.} 54. Kf5 Ra4 55. Rb6 Ra5 56. Kg6 Kc7 57. Re6 b4 (57... Ra3 $1 $11 {remains equal.} 58. Kxg7 Rxg3+ 59. Kxh6 b4) 58. Kxg7 ({White should try} 58. Re2 $16) 58... Rxh5 {The position is equal.} 59. Kxf6 Rb5 60. Re1 b3 61. f5 b2 62. Rb1 h5 63. Kg6 {Strongly threatening f6.} Kd7 64. f6 Ke8 $1 65. Kg7 {Black must now prevent f7+.} Rg5+ $1 {[%mdl 64] [#] Double Attack} 66. Kh6 Rb5 {And now ...Kf7 would win.} 67. Kg7 {Weighted Error Value: White=0.16/Black=0.12} 1/2-1/2

[Event "3rd Yerevan Open-A 2021"]
[Site "Yerevan"]
[Date "2021.10.19"]
[Round "6.11"]
[White "Nadanian, Ashot"]
[Black "Hayrapetyan, Hovik"]
[Result "1-0"]
[WhiteElo "2317"]
[BlackElo "2500"]
[Annotator "TA"]
[PlyCount "95"]
[EventDate "2021.10.14"]
[EventType "swiss"]
[EventCountry "ARM"]
[SourceTitle "playchess.com"]
[Source "ChessBase"]
[SourceQuality "1"]

{[%evp 9,95,22,20,0,22,19,31,0,0,-3,35,29,62,33,93,122,144,125,122,129,178,171,202,192,201,211,268,197,249,222,216,201,277,178,339,289,287,268,531,527,538,544,543,527,559,505,495,486,785,775,1219,1211,1668,1749,1596,1573,1303,557,529,445,538,525,802,806,960,966,887,486,478,477,472,467,488,516,508,502,495,510,497,514,497,494,516,516,29971,29973,6091,5444]} 1. e4 c5 2. Nf3 d6 3. d4 cxd4 4. Nxd4 Nf6 5. Nc3 a6 6. Qd3 {B90: Sicilian Najdorf: Unusual White 6th moves, 6 Be3 Ng4 and 6 Be3 e5.} g6 7. Bg5 Bg7 8. O-O-O {White is slightly better.} O-O 9. Qd2 b5 {Threatening ...b4.} 10. f3 {[#]} Re8 $146 ({Predecessor:} 10... Qa5 11. Bd3 b4 12. Nce2 Qxa2 13. Qxb4 Qa1+ 14. Kd2 {1-0 (14) Maravi Ceron,A (1106)-Espichan Serna,M (1104) Chess.com INT 2020}) 11. Bh6 Bh8 ({Black should try} 11... Bxh6 $14 12. Qxh6 e5) 12. h4 $16 Qa5 13. Nb3 Qc7 14. h5 Bb7 15. hxg6 hxg6 16. g4 Nbd7 17. Qh2 Nh7 18. Rd3 b4 (18... e5 $142 19. Be3 Ndf6) 19. Nd5 $18 Bxd5 20. exd5 $40 {[%mdl 128] White is out for blood.} Rac8 21. f4 {And now Bg5 would win.} e6 $2 (21... a5) 22. Bg5 Ndf8 23. Rh3 {[%mdl 64] Discovered Attack} f6 $2 (23... f5 {was necessary.}) 24. Bh6 Bg7 25. Bxa6 Ra8 26. Bb5 Reb8 27. Bxg7 Qxg7 28. Bc6 Rxa2 (28... e5 $142 29. Bxa8 Rxa8) 29. dxe6 f5 30. e7 Qxe7 31. Bd5+ Kh8 32. gxf5 gxf5 33. Qg1 (33. Kb1 $142 Rb5 34. Bc4) 33... Qg7 34. Qxg7+ Kxg7 35. Kb1 Ra6 36. Nd4 Ra5 37. Rg3+ Ng6 38. Nxf5+ Kf6 39. Ne3 ({Don't take} 39. Rxh7 Rxd5 40. Ne3 Ra5 $18) 39... Nhf8 40. Rg5 Re8 41. Ng4+ Kg7 {[#]} 42. f5 {[%csl Gg4][%cal Rf5f6][%mdl 64] Pin} Rxd5 43. f6+ {[%mdl 64] Discovered Attack} Kf7 44. Rxd5 Re4 45. Rg5 Rf4 46. Ka2 Ne6 (46... Ke6 $18 47. Rhh5 Rf3) 47. Rh7+ Kg8 {[#]} 48. Rg7+ $1 {[%mdl 576] Double Attack. Black got outplayed after the opening.  Weighted Error Value: White=0.37/Black=0.58} 1-0

[Event "3rd Yerevan Open-A 2021"]
[Site "Yerevan"]
[Date "2021.10.19"]
[Round "6.12"]
[White "Mahdavi, Reza"]
[Black "Quparadze, Giga"]
[Result "1/2-1/2"]
[WhiteElo "2124"]
[BlackElo "2495"]
[Annotator "TA"]
[PlyCount "122"]
[EventDate "2021.10.14"]
[EventType "swiss"]
[EventCountry "ARM"]
[SourceTitle "playchess.com"]
[Source "ChessBase"]
[SourceQuality "1"]

{[%evp 12,122,23,13,15,21,25,11,26,17,22,4,70,60,83,26,73,16,20,14,18,18,29,26,29,29,34,34,35,32,37,31,36,31,43,23,19,21,16,4,4,5,10,0,0,0,0,0,0,0,0,0,0,0,10,0,8,0,0,0,0,0,10,0,0,0,14,14,14,0,54,11,11,15,20,0,68,67,68,68,72,72,118,25,24,-8,-8,-8,0,-8,-8,-8,-8,-8,-8,-8,-8,-8,-8,-8,-8,-160,-164,-164,-164,-297,-297,-289,-289,-289,-289,-289,-206]} 1. e4 c5 2. Nf3 e6 3. c3 d5 4. exd5 Qxd5 5. d4 Nf6 6. Na3 Nc6 7. Be3 $1 {[%mdl 4] now scores much better than the old 7.Nb5.} cxd4 {[#] B22: Sicilian: 2 c3.} 8. Nb5 $1 {[%cal Rb5c7]} Qd7 9. Nbxd4 a6 {The position is equal.} 10. Nxc6 Qxc6 11. Bd3 {[#]} Nd5 $146 ({Black should play} 11... b6 $11) ({Predecessor:} 11... Bd6 12. Bd4 b5 13. Bxf6 gxf6 14. Nd2 f5 15. Be2 Bb7 16. Bf3 Qc7 17. c4 Rd8 18. Bxb7 Qxb7 {0-1 (42) Al Shamsi,O (1469)-Yasmin,A (1509) Ajman 2019}) 12. Be4 $14 Qb5 13. Bxd5 (13. Bd4 $16) 13... exd5 14. Qe2 ({Better is} 14. Qd4 $16) 14... Qxe2+ $11 15. Kxe2 Be6 16. Nd4 Be7 17. Rhe1 O-O 18. Rad1 Bf6 19. f3 b5 20. Kf2 Rfc8 21. Bf4 Rc4 22. Be5 Be7 23. Nc2 a5 24. Ne3 Rc5 25. Bd4 Rc7 26. f4 {Black must now prevent f5.} f6 27. f5 Bf7 28. a3 b4 29. axb4 axb4 30. Ra1 Rb8 31. Ra5 bxc3 32. bxc3 Rd7 33. Rea1 (33. h3 {seems wilder.} Bd6 34. Rea1 Rdd8 35. Ra7 h6 36. Kf3) 33... Bd6 34. Ra7 Rxa7 (34... Rdd8 {is more complex.} 35. R1a2 Rb1 36. Ra8 Bb8 37. g3 Be8) 35. Rxa7 h5 36. g3 Rd8 37. Bb6 Rc8 38. Bd4 Rc6 39. Ra8+ Kh7 40. Ra7 Bc7 (40... Kg8 $11) 41. Nc2 {Strongly threatening Nb4.} Bg8 42. Ke3 Be5 43. Re7 h4 (43... Rc7 $11 44. Re8 Bf7) 44. Bxe5 $14 fxe5 {[%mdl 4096] Endgame KRB-KRN} 45. Kd2 d4 46. cxd4 Bb3 47. Nb4 (47. Na1 $16 Ba4 48. dxe5) 47... Rc4 $11 {[%mdl 64] [#] Double Attack} 48. dxe5 Rxb4 {KRB-KR} 49. f6 Rg4 50. Rxg7+ Rxg7 51. fxg7 {KB-KP} h3 52. Ke3 Kxg7 {KB-K3P} 53. Kf4 Bd5 54. g4 Kg6 55. Kg3 Bg2 {...Kg5 is the strong threat.} 56. e6 $2 (56. Kh4 $11) 56... Kf6 $17 57. g5+ Kxe6 {Threatens to win with ...Kf5.} 58. g6 (58. Kg4 $142) 58... Kf6 $19 {Black has a decisive advantage.} 59. g7 Kxg7 {And now ...Kf6 would win.} 60. Kf2 Kf6 61. Kg1 Ke5 {Weighted Error Value: White=0.17/Black=0.12} 1/2-1/2

[Event "3rd Yerevan Open-A 2021"]
[Site "Yerevan"]
[Date "2021.10.20"]
[Round "7.1"]
[White "Sivuk, Vitaly"]
[Black "Narayanan.S.L"]
[Result "1-0"]
[WhiteElo "2529"]
[BlackElo "2647"]
[Annotator "TA"]
[PlyCount "81"]
[EventDate "2021.10.14"]
[EventType "swiss"]
[EventCountry "ARM"]
[SourceTitle "playchess.com"]
[Source "ChessBase"]
[SourceQuality "1"]

{[%evp 9,81,18,33,19,20,11,19,13,27,25,29,20,13,14,26,6,16,6,50,48,54,36,47,34,57,36,87,50,93,110,111,102,105,97,110,104,174,181,196,179,166,181,176,168,197,185,202,191,271,293,275,212,250,257,267,259,241,262,271,266,393,396,394,394,516,519,510,504,482,477,5493,5506,5389,1743]} 1. c4 e5 2. Nc3 Bb4 3. Nd5 a5 4. Nf3 d6 5. a3 Bc5 6. e3 {A21: English Opening: 1...e5 2 Nc3.} c6 7. Nc3 Nd7 8. d4 {The position is equal.} Ba7 9. b4 Ngf6 10. Bb2 O-O 11. Be2 Re8 12. O-O {[#]} Bb8 $146 ({Predecessor:} 12... e4 13. Nd2 d5 14. cxd5 cxd5 15. Qb3 Nf8 16. Rfc1 Bb8 17. Nf1 axb4 18. Qxb4 h5 {1-0 (61) Cori,J (2652)-Mareco,S (2629) Krasnaya Polyana 2021}) 13. d5 e4 14. Nd2 Nb6 15. Qb3 Bf5 16. Rfd1 Nbd7 17. Nf1 Bc7 (17... h5 $14) 18. Rd2 Qe7 {Black is now going downhill.} 19. Ng3 Bg6 {[#]} 20. dxc6 $1 bxc6 {[#]} 21. b5 $1 Nc5 22. Qd1 Nd3 (22... cxb5 $16 23. Nxb5 Bb8) 23. bxc6 $18 h5 24. Nb5 {[%cal Re2d3]} (24. Bxd3 $6 exd3 25. Rxd3 h4 $16) (24. Nxh5 $6 Bxh5 25. Bxh5 d5 $16) 24... Nxb2 25. Rxb2 h4 26. Nf1 Rac8 27. Na7 Rb8 28. Rab1 h3 (28... Rxb2 $142 29. Rxb2 Rb8 30. Rxb8+ Bxb8) 29. Rxb8 (29. gxh3 $6 Bf5 $18) 29... Rxb8 30. Nb5 (30. gxh3 $6 Qe8 $18) 30... hxg2 31. Ng3 (31. Kxg2 $6 Bf5) 31... Bd8 32. Nd4 (32. Kxg2 $6 Rb6 $18) 32... Rb6 33. Rb5 Rxb5 34. Nxb5 ({Much less strong is} 34. cxb5 $6 d5 $18) 34... Kf8 (34... d5 {was worth a try.} 35. Qd4 (35. Kxg2 Qc5 $18 {[%mdl 64] Double Attack}) 35... dxc4 36. Kxg2 Kf8) 35. Qd4 Ne8 36. Bg4 a4 37. Bf5 {White is clearly winning.} Bxf5 38. Nxf5 Qe6 39. Nbxd6 f6 (39... Bf6 $142 40. Qd1 Be5) 40. Nxe8 Qxe8 41. c7 {Weighted Error Value: White=0.05/Black=0.22} (41. Qd6+ $142 Kg8 42. c7 Bxc7 43. Qxc7) 1-0